00000000nam##2200000za#4500
0019.601123
003CaOODSP
00520221028125831
007cr |||||||||||
008150406|2003||||xxc|||||o    f|0| 0 fre|d
040 |aCaOODSP|bfre
043 |an-cn---
0861 |aYC27-0/372-4F-PDF
1101 |aCanada. |bParlement. |bSénat. |bComité sénatorial permanent de l'agriculture et des forêts.
24513|aLe changement climatique : |h[ressource électronique]|bnous sommes menacés / |cL'honorable Donald Oliver, c.r., président; L'honorable John Wiebe, vice-président.
2463 |aRapport final
260 |aOttawa - Ontario : |bSénat. |cNovembre 2003.
300 |a129p.|bgraphiques, références, photographies
4901 |aRapport du Comité sénatorial permanent de l'agriculture et des forêts|v[37e législature, 2e session, 4e rapport]
590 |a11-12-Supp|b2011-07-29
77508|tClimate change : |w(CaOODSP)9.570445
830#0|aRapport du Comité sénatorial permanent de l'agriculture et des forêts ;|v[37e législature, 2e session, 4e rapport]|w(CaOODSP)9.502039
85640|ahttp://publications.gc.ca|qPDF|s1.07 Mo|uhttps://publications.gc.ca/collections/collection_2011/sen/yc27-0/YC27-0-372-4-fra.pdf|y[37e législature, 2e session, 4e rapport]